| 000 | 00605nam a2200241Ia 4500 | ||
|---|---|---|---|
| 003 | OSt | ||
| 005 | 20250529121153.0 | ||
| 008 | 008 250505s9999 xx 000 0 eng d | ||
| 020 | _a9780007583195 | ||
| 040 |
_aILCL _beng _cILCL |
||
| 041 |
_aeng _2eng |
||
| 082 | _qILCL | ||
| 084 | _aY Q3 | ||
| 100 |
_aHaralambos, Michael _9458681 |
||
| 245 | 0 | _aSociology: Themes and Perspectives | |
| 250 | _a8 | ||
| 260 |
_aUnited Kingdom _bCollins _c2024 |
||
| 300 | _a1098p. | ||
| 365 | _aINR | ||
| 700 |
_aHolborn,Martin _9754683 |
||
| 942 |
_cTB _2Colon Classification _n0 |
||
| 999 |
_c1312532 _d1312532 |
||